书目信息 |
| 题名: |
化学中的数学方法
|
|
| 作者: | 登斯 著 ;王知群 译 | |
| 分册: | ||
| 出版信息: | 北京 科学出版社 1983 |
|
| 页数: | 137页 | |
| 开本: | 19cm | |
| 丛书名: | ||
| 单 册: | ||
| 中图分类: | O6-051 | |
| 科图分类: | ||
| 主题词: | 化学-数学方法 , 数学方法-化学 | |
| 电子资源: | ||
| ISBN: | ||
| 000 | 00731nam0 2200253 45 | |
| 001 | 0183012132 | |
| 005 | 20060430152655.70 | |
| 010 | @dCNY0.72 | |
| 091 | @a13031.2192 | |
| 100 | @a19950421d1983 emky0chiy0121 ea | |
| 101 | 1 | @achi@ceng |
| 102 | @aCN@b110000 | |
| 105 | @ay z 000yy | |
| 200 | 10 | @a化学中的数学方法@Ahua xue zhong de shuo xue fang fa@e提示和题解@f(美)J·B·登斯著@F(mei)J·B·deng si zhu@g王知群译 |
| 210 | @a北京@c科学出版社@d1983 | |
| 215 | @a137页@d19cm | |
| 606 | @a化学-数学方法 | |
| 606 | @a数学方法-化学 | |
| 690 | @aO6-051@v4 | |
| 701 | 0 | @a登斯@Adeng si@4著 |
| 702 | 0 | @a王知群@Awang zhi qun@4译 |
| 801 | 2 | @aCN@bNLC@c20060430 |
| 801 | 0 | @aCN@b上海图书馆@c20060428 |
| 905 | @dO6-051@e114(+) | |
| 化学中的数学方法:提示和题解/(美)J·B·登斯著/王知群译.-北京:科学出版社,1983 |
| 137页;19cm |
| ISBN :CNY0.72 |
| ● |
| 相关链接 |
|
|
|
|
正题名:化学中的数学方法
索取号:O6-051/114(+)
 
预约/预借
| 序号 | 登录号 | 条形码 | 馆藏地/架位号 | 状态 | 备注 |
| 1 | 0085777 | 202329925 | 密集书库/ [索取号:O6-051/114(+)] | 在馆 | |
| 2 | 0085778 | 202329890 | 密集书库/ [索取号:O6-051/114(+)] | 在馆 | |
| 3 | 0085779 | 202329881 | 密集书库/ [索取号:O6-051/114(+)] | 在馆 | |
| 4 | 0085780 | 202329934 | 密集书库/ [索取号:O6-051/114(+)] | 在馆 | |
| 5 | 0085781 | 202237711 | 密集书库/ [索取号:O6-051/114(+)] | 在馆 | |
| 6 | 0143787 | 202299039 | 密集书库/ [索取号:O6-051/114(+)] | 在馆 | |
| 7 | 0143788 | 202329845 | 密集书库/ [索取号:O6-051/114(+)] | 在馆 | |
| 8 | 0143789 | 202329854 | 密集书库/ [索取号:O6-051/114(+)] | 在馆 | |
| 9 | 0143790 | 001954807 | 第三借阅区/ [索取号:O6-051/114(+)] | 在馆 | |
| 10 | 0143791 | 202237819 | 密集书库/ [索取号:O6-051/114(+)] | 在馆 | |
| 11 | 0143792 | 202237800 | 密集书库/ [索取号:O6-051/114(+)] | 在馆 | |
| 12 | 0143793 | 202237784 | 密集书库/ [索取号:O6-051/114(+)] | 在馆 | |
| 13 | 0143794 | 202237775 | 密集书库/ [索取号:O6-051/114(+)] | 在馆 | |
| 14 | 0143795 | 202237702 | 密集书库/ [索取号:O6-051/114(+)] | 在馆 | |
| 15 | 0143796 | 202299100 | 密集书库/ [索取号:O6-051/114(+)] | 在馆 | |
| 16 | 0147846 | 202299075 | 密集书库/ [索取号:O6-051/114(+)] | 在馆 | |
| 17 | 0147847 | 202299066 | 密集书库/ [索取号:O6-051/114(+)] | 在馆 | |
| 18 | 0147848 | 202299020 | 密集书库/ [索取号:O6-051/114(+)] | 在馆 | |
| 19 | 0147849 | 202329818 | 密集书库/ [索取号:O6-051/114(+)] | 在馆 | |
| 20 | 0156459 | 202237757 | 密集书库/ [索取号:O6-051/114(+)] | 在馆 | |
| 21 | 0156460 | 202237748 | 密集书库/ [索取号:O6-051/114(+)] | 在馆 | |
| 22 | 0156461 | 202237739 | 密集书库/ [索取号:O6-051/114(+)] | 在馆 | |
| 23 | 0156462 | 202237766 | 密集书库/ [索取号:O6-051/114(+)] | 在馆 | |
| 24 | 0156463 | 202102296 | 第二样本阅览室/ [索取号:O6-051/114(+)] | 在馆 |